Teacher education / (Record no. 168609)

MARC details
000 -LEADER
fixed length control field 00576nam a22002057a 4500
005 - DATE AND TIME OF LATEST TRANSACTION
control field 20191016171757.0
010 ## - LCCN (DPL NO)
LC control number ENG-126679
020 ## - INTERNATIONAL STANDARD BOOK NUMBER
International Standard Book Number 9789389347043
Terms of availability 350.00
035 ## - SYSTEM CONTROL NUMBER
System control number EN-110211
037 ## - SOURCE OF ACQUISITION
Source of stock number/acquisition DBAD/PUB
082 ## - DEWEY DECIMAL CLASSIFICATION NUMBER
Classification number 370.71
100 ## - MAIN ENTRY--PERSONAL NAME
Personal name Mohan, Radha
245 ## - TITLE STATEMENT
Title Teacher education /
Statement of responsibility, etc by Radha Mohan
250 ## - EDITION STATEMENT
Edition statement 2nd ed.
260 ## - PUBLICATION, DISTRIBUTION, ETC. (IMPRINT)
Place of publication, distribution, etc Delhi
Name of publisher, distributor, etc PHI Learning
Date of publication, distribution, etc 2019
270 ## - ADDRESS
Address Rimjhim House,111, Patparganj Industrial Estate
City Delhi
Postal code 110092
300 ## - PHYSICAL DESCRIPTION
Extent xv;298p.
Dimensions 22cm(pbk)
500 ## - GENERAL NOTE
General note Includes index
942 ## - ADDED ENTRY ELEMENTS (KOHA)
Source of classification or shelving scheme Dewey Decimal Classification
Item type English Books
Classification part 370.71
Call number suffix MOH
Holdings
Withdrawn status Lost status Not for loan Collection code Home library Current library Date acquired Source of acquisition Cost, normal purchase price Full call number Barcode Copy number Cost, replacement price Koha item type
      Non-fiction Central Library Central Library 16/10/2019 DBAD/PUB 350.00 370.71 MOH EN-110211 1 350.00 English Books

© Delhi Public Library
Hit Counter
free hit counter